000 02810cam a22004454i 4500
003 PE-LiUPU
005 20250731165441.0
008 160628s2016 pe a grm 000 0 spa d
035 _a(Sirsi) a157585
040 _aPE-LiUPU
_bspa
_cPE-LiUPU
_erda
099 _aTE 3
_bY89 2016
100 1 _aYucra Mamani, Edith Verónica
_eautor
245 1 _aReportes del sistema de información de apoyo a la gestión de la institución educativa y el desempeño del personal directivo en instituciones educativas de nivel secundario la UGEL "Canchis" región Cusco /
_cEdith Verónica Yucra Mamani.
264 0 _c2016.
300 _a90 hojas :
_bilustraciones;
_c30 cm
336 _atext
_2rdacontent
337 _aunmediated
_2rdamedia
338 _avolume
_2rdacarrier
502 _aTesis
_b(Lic.) --
_cUniversidad Peruana Unión,
_d2016.
504 _aIncluye referencias
520 3 _aEl objetivo de esta investigación fue determinar en qué medida el uso de reportes de información generados por el sistema de información de apoyo a la gestión de la institución educativa (SIAGIE) se relaciona con el desempeño del personal directivo, en las instituciones educativas de nivel secundario en la UGEL Canchis. Se desarrolló una investigación básica, con un diseño descriptivo correlacional, en la población de directores en el ámbito de la UGEL Canchis, representada en la muestra de 35 directores. Para la recopilación de datos se usaron dos instrumentos: un cuestionario sobre uso de reportes de información generados por el SIAGIE y otro cuestionario para medir el desempeño del personal directivo; asimismo se utilizaron técnicas descriptivas e inferenciales propias de la estadística para la presentación y análisis de los resultados. Los resultados encontrados muestran un nivel de significancia del 5%, se confirma que existe correlación significativa entre las variables: uso de reportes de información generados por el sistema de información de apoyo a la gestión de la institución educativa (SIAGIE) y desempeño del personal directivo, según el estadístico de prueba r de Pearson, cuyo coeficiente de correlación alcanza el valor de 0,824, valor que muestra una asociación alta y directiva entre dichas variables.
526 _aSEG44
526 _aSEG26
526 _aP151
526 _aP150
526 _aP149
526 _aP146
526 _aP145
526 _aP126
526 _aP125
526 _aP92
526 _aP75
526 _aP74
526 _aP27
526 _aP15
650 0 4 _aRendimiento laboral
_xSistema de información.
596 _a1
942 _2ddc
_cTESIS
999 _aTE 3 Y89 2016
_wALPHANUM
_c10231
_iT02011
_lCCODEBUL3
_mBUL
_r1
_sY
_tTESIS
_u2016-6-28
_xPOSGRADO
_PP57
_o.STAFF. Tesis
_d10231
980 _81
_gALBERTO SANCHEZ Responsable de Automatización